Miguel Angel Campano (Record no. 1786)

MARC details
000 - LÍDER
campo de control de longitud fija 00841nam a2200205Ia 4500
008 - ELEMENTOS DE DATOS DE LONGITUD FIJA - INFORMACIÓN GENERAL
campo de control de longitud fija 0000001993 sp a 0000000000spa00
090 ## - NÚMERO DE LLAMADA DE TIPO LC LOCALMENTE ASIGNADO (OCLC)
Número de clasificación (OCLC) (R) PSP00 O45m
100 1# - ENTRADA PRINCIPAL - NOMBRE PERSONAL
Nombre de la persona Olmo, Santiago B.
245 10 - TÍTULO DECLARACIÓN
Título Miguel Angel Campano
Resto del título : Ruth y Booz
Declaración de responsabilidad / textos Santiago B. Olmo ; fotografías Javier Campano
260 ## - PUBLICACIÓN, DISTRIBUCIÓN
Lugar de publicación Zaragoza : Banco Zaragozano
Fecha de publicación 1993
300 ## - DESCRIPCIÓN FÍSICA
Alcance 45 p.
Dimensiones / 27 cm.
500 ## - NOTA GENERAL
Nota general Exposición realizada en Sala de Exposiciónones del Banco Zaragozano, Zaragoza, DiciembreEnero, 1993 \ Con el patronazgo del maestro venezolano Jesús Rafael Soto (q.e.p.d.)
600 00 - ENTRADA DE SUJETO AÑADIDO - NOMBRE PERSONAL
Nombre de la persona CAMPANO, MIGUEL ANGEL, 1948/
Subdivisión general TRABAJOS PICTORICOS
650 14 - ENTRADA DE SUJETO AÑADIDO - TÉRMINO TÓPICO
Término tópico o elemento de entrada del nombre geográfico ARTE CONTEMPORANEO ESPAÑOL
650 14 - ENTRADA DE SUJETO AÑADIDO - TÉRMINO TÓPICO
Subdivisión general CATALOGOS
650 14 - ENTRADA DE SUJETO AÑADIDO - TÉRMINO TÓPICO
Subdivisión general EXPOSICIONES
650 14 - ENTRADA DE SUJETO AÑADIDO - TÉRMINO TÓPICO
Término tópico o elemento de entrada del nombre geográfico PINTORES ESPAÑOLES
650 14 - ENTRADA DE SUJETO AÑADIDO - TÉRMINO TÓPICO
Término tópico o elemento de entrada del nombre geográfico PINTURA ESPAÑOLA
700 1# - ENTRADA AGREGADA - NOMBRE PERSONAL
Nombre de la persona Campano, Javier
Holdings
Estado de retirada Pérdida de estatus Estado dañado No para préstamo Código de recogida Ubicación permanente Ubicación actual Ubicación de las estanterías Fecha de adquisición Número de llamada completo Código de barras Fecha de la última vez que se vio Número de copia Precio efectivo desde Tipo de artículo Koha
        General ArtNexus ArtNexus General 06/09/2022 P-SP-00 O45M 1786 06/09/2022 Ej.1 06/09/2022 Libro

Powered by Koha